Velázquez y "lo clásico" / (Record no. 176100)

MARC details
000 -LEADER
campo de control de longitud fija 00793nam a22002175i 4500
001 - NÚMERO DE CONTROL
campo de control 176100
003 - IDENTIFICADOR DE NÚMERO DE CONTROL
campo de control ES-MaACL
005 - FECHA Y HORA DE LA ÚLTIMA TRANSACCIÓN
campo de control 20240513170013.0
008 - DATOS DE LONGITUD FIJA--INFORMACIÓN GENERAL
campo de control de longitud fija 101216s1961 sp f |||| | spa d
080 ## - NÚMERO DE LA CLASIFICACIÓN DECIMAL UNIVERSAL
Número de la Clasificación Decimal Universal 75 Velázquez, Diego
100 1# - ENTRADA PRINCIPAL--NOMBRE DE PERSONA
Nombre de persona Sánchez Cantón, Francisco Javier,
Fechas asociadas al nombre 1891-1971
9 (RLIN) 102521
245 10 - MENCIÓN DEL TÍTULO
Título Velázquez y "lo clásico" /
Mención de responsabilidad, etc. F. J. Sánchez Cantón.
260 ## - PUBLICACIÓN, DISTRIBUCIÓN, ETC.
Lugar de publicación, distribución, etc. Madrid :
Nombre del editor, distribuidor, etc. Taurus,
Fecha de publicación, distribución, etc. imp. 1961.
300 ## - DESCRIPCIÓN FÍSICA
Extensión 27, [4] p. de lám. bl. y n. ;
Dimensiones 24 cm.
490 1# - MENCIÓN DE SERIE
Mención de serie Cuadernos de la Fundación Pastor ;
Designación de volumen o secuencia 5
600 14 - PUNTO DE ACCESO ADICIONAL DE MATERIA--NOMBRE DE PERSONA
Nombre de persona Velázquez, Diego,
Fechas asociadas al nombre 1599-1660
9 (RLIN) 113793
710 2# - ENTRADA AGREGADA--NOMBRE DE ENTIDAD CORPORATIVA
Nombre de entidad corporativa o nombre de jurisdicción como elemento de entrada Fundación Pastor de Estudios Clásicos.
9 (RLIN) 4386
830 0# - PUNTO DE ACCESO ADICIONAL DE SERIE-TÍTULO UNIFORME
Título uniforme Cuadernos de la Fundación Pastor ;
Designación de volumen o secuencia 5
9 (RLIN) 182742
852 ## - LOCALIZACIÓN
Ubicación ES-MaACL
Número de control de estantería 2273-F-7
Encuadernación Olim P-1029-bis
Holdings
Estatus retirado Estado de pérdida Estado de daño No para préstamo Colección Biblioteca de origen Biblioteca actual Ubicación en estantería Fecha de adquisición Fuente de adquisición Total de préstamos Signatura topográfica completa Código de barras Visto por última vez Precio de reemplazo Tipo de ítem Koha
        Colección de folletos Biblioteca del Ateneo de Madrid Biblioteca del Ateneo de Madrid Depósito folletos 16/12/2010     2273-F-7 1184947 23/02/2023 23/02/2023 Folleto